|
|
|
|
| LEADER |
01388nam a2200301 a 4500 |
| 001 |
4983022 |
| 003 |
BD-DhAAL |
| 005 |
20260513175210.0 |
| 008 |
091108s1999 nyua b 001 0 eng d |
| 010 |
|
|
|a 98055782
|
| 020 |
|
|
|a 8176710210
|
| 020 |
|
|
|a 0393973700
|
| 040 |
|
|
|a DLC
|c DLC
|d DLC
|d BD-DhAAL
|
| 082 |
0 |
0 |
|a 338.5
|2 21
|
| 100 |
1 |
|
|a Varian, Hal R.
|
| 245 |
1 |
0 |
|a Intermediate microeconomics :
|b a modern approach /
|c Hal R. Varian.
|
| 250 |
|
|
|a Fifth edition.
|
| 260 |
|
|
|a New York :
|b W.W. Norton & Co.,
|c 1999.
|
| 300 |
|
|
|a xxiv, 662, 39 pages :
|b illustraions ;
|c 24 cm.
|
| 504 |
|
|
|a Includes bibliographical references and index.
|
| 541 |
1 |
|
|e 00011102
|
| 650 |
|
0 |
|a Microeconomics.
|
| 852 |
4 |
|
|a Ayesha Abed Library
|j General Shelf
|
| 942 |
0 |
0 |
|0 1
|2 ddc
|c BK
|
| 999 |
|
|
|c 5697
|d 5697
|
| 952 |
|
|
|0 0
|1 0
|2 ddc
|4 0
|6 338_500000000000000_VAR_1999
|7 0
|9 5627
|a BRACUL
|b BRACUL
|c GEN
|d 2009-11-21
|g 0.00
|l 22
|m 183
|o 338.5 VAR
|p 3010011102
|r 2025-05-22
|s 2025-05-21
|t 1
|w 2009-11-21
|y BK
|x No price found in the accession register
|
| 952 |
|
|
|0 0
|1 0
|2 ddc
|4 0
|6 338_500000000000000_VAR
|7 0
|9 8027
|a BRACUL
|b BRACUL
|c GEN
|d 2010-02-11
|l 25
|m 202
|o 338.5 VAR
|p 3010012734
|r 2024-10-03
|s 2024-06-04
|t 2
|w 2010-02-11
|y BK
|x Price not available in Register
|
| 952 |
|
|
|0 0
|1 0
|2 ddc
|4 0
|6 338_500000000000000_VAR_1999
|7 0
|9 9119
|a BRACUL
|b BRACUL
|c GEN
|d 2010-04-08
|l 20
|m 173
|o 338.5 VAR
|p 3010011103
|r 2020-03-16
|s 2020-01-30
|t 3
|w 2010-04-08
|y BK
|